[Event "Elit(Upsala-Limhamn)"]
[Site "?"]
[Date "2009.10.18"]
[Round "3"]
[White "Andersson, Fredrik"]
[Black "Tadjerbashi, Amir"]
[Result "1/2-1/2"]
[WhiteElo "2336"]
[BlackElo "2239"]
[PlyCount "45"]

1. d4 d5 2. c4 c6 3. Nf3 Nf6 4. e3 e6 5. Bd3 Nbd7 6. O-O Bd6 7. Nbd2 O-O 8. e4
dxe4 9. Nxe4 Nxe4 10. Bxe4 h6 11. b3 Qc7 12. Bb2 c5 13. Bc2 Re8 14. Re1 b6 15.
Qd3 Nf8 16. dxc5 Bxc5 17. Ne5 Bb7 18. Qc3 f6 19. Ng6 Nxg6 20. Bxg6 Qf4 21. Qg3
Qxg3 22. hxg3 Red8 23. Rad1 1/2-1/2

[Event "Elit(Upsala-Limhamn)"]
[Site "?"]
[Date "2009.10.18"]
[Round "3"]
[White "Penalver, Osmani"]
[Black "Lindberg, Henrik"]
[Result "1-0"]
[WhiteElo "2279"]
[BlackElo "2280"]
[PlyCount "73"]

1. d4 Nf6 2. c4 e6 3. Nc3 Bb4 4. f3 d5 5. a3 Bxc3+ 6. bxc3 c5 7. cxd5 exd5 8.
e3 O-O 9. Bd3 b6 10. Ne2 Ba6 11. Bxa6 Nxa6 12. Qd3 Qc8 13. O-O Re8 14. Ng3 Qb7
15. Ra2 Rad8 16. Raf2 Rd7 17. Qf5 Qc6 18. e4 dxe4 19. fxe4 Nxe4 20. Nxe4 Rxe4
21. d5 Qxd5 22. Qxd5 Rxd5 23. Rxf7 h6 24. Rxa7 Nb8 25. Ra8 Rd8 26. Bf4 Nc6 27.
Ra6 Rf8 28. g3 Na5 29. Rxb6 Ra4 30. Re1 Rxa3 31. Bd6 Nc4 32. Bxf8 Nxb6 33. Bxc5
Rb3 34. Re8+ Kf7 35. Rb8 Rxc3 36. Bxb6 Rc2 37. Bd4 1-0

[Event "Elit(Upsala-Limhamn)"]
[Site "?"]
[Date "2009.10.18"]
[Round "3"]
[White "Cederberg, Karl Olof"]
[Black "Eklund, Joel"]
[Result "0-1"]
[WhiteElo "2203"]
[BlackElo "2236"]
[PlyCount "82"]

1. e4 c5 2. Nf3 e6 3. c3 Nf6 4. Bd3 d5 5. e5 Nfd7 6. O-O Nc6 7. Re1 Qc7 8. Qe2
Be7 9. Bc2 b6 10. Ba4 a5 11. d4 Ba6 12. Bb5 Bxb5 13. Qxb5 c4 14. Qa4 b5 15. Qd1
b4 16. Ng5 h6 17. Qh5 Nd8 18. Nh3 g6 19. Qg4 a4 20. a3 b3 21. Nf4 Nf8 22. h4
Nc6 23. h5 g5 24. Nh3 O-O-O 25. f4 gxf4 26. Bxf4 Nh7 27. Bxh6 Rdg8 28. Qf4 Bf8
29. Bxf8 Nxf8 30. Qh4 Ne7 31. Nf4 Nfg6 32. Nxg6 Nxg6 33. Qg5 Ne7 34. Qf4 Nf5
35. Nd2 Rxh5 36. Nf3 Qe7 37. Kf2 Nh4 38. Nxh4 Rxh4 39. Qe3 Rh2 40. Rg1 Qh4+ 41.
Kf1 Rg4 0-1

[Event "Elit(Farsta-LASK)"]
[Site "?"]
[Date "2009.11.14"]
[Round "4"]
[White "Hillarp Persson, Tiger"]
[Black "Ong, Kezli"]
[Result "1/2-1/2"]
[WhiteElo "2642"]
[BlackElo "2301"]
[PlyCount "127"]
[SourceDate "2009.11.17"]

1. e4 e5 2. Nf3 Nc6 3. Bc4 Nf6 4. d3 Bc5 5. c3 d6 6. O-O a6 7. Bb3 Ba7 8. Nbd2
O-O 9. h3 h6 10. Re1 Nh5 11. Nf1 Qf6 12. N1h2 Nf4 13. Ng4 Qg6 14. Bxf4 exf4 15.
d4 Bxg4 16. hxg4 Qxg4 17. Qd3 Rfe8 18. Re2 Re7 19. Bd5 Nd8 20. e5 c6 21. Be4 d5
22. Bf5 Qh5 23. e6 Nxe6 24. Re5 g5 25. Rae1 Rae8 26. Nh2 Kg7 27. Bg4 Qg6 28.
Qh3 Kf8 29. Bf5 Qg7 30. Ng4 Bb8 31. R5e2 f3 32. Qxf3 Nf4 33. Rxe7 Rxe7 34. Rxe7
Kxe7 35. g3 Ne6 36. Bc2 h5 37. Ne3 g4 38. Nf5+ Kf8 39. Nxg7 gxf3 40. Nxh5 Ng5
41. Nf6 Ke7 42. Ng4 Ba7 43. Ne3 Kd6 44. Nf5+ Ke6 45. Kf1 c5 46. g4 cxd4 47.
cxd4 Ne4 48. Bd1 Nd6 49. Ng7+ Ke7 50. Bxf3 Bxd4 51. Nh5 Bxb2 52. Bxd5 b5 53.
Ke2 Ne8 54. Ng3 Nc7 55. Bb3 Ne6 56. Nf5+ Kf6 57. Ke3 Bc1+ 58. Ke4 Nc5+ 59. Kd5
Nxb3 60. axb3 a5 61. Nd6 a4 62. Ne4+ Kg6 63. bxa4 bxa4 64. Kc4 1/2-1/2

[Event "Elit(Farsta-LASK)"]
[Site "?"]
[Date "2009.11.14"]
[Round "4"]
[White "Hjelm, Niclas"]
[Black "Tikkanen, Hans"]
[Result "0-1"]
[WhiteElo "2384"]
[BlackElo "2494"]
[PlyCount "80"]

1. d4 e6 2. c4 b6 3. Nf3 Bb7 4. a3 f5 5. Nc3 Nf6 6. g3 Ne4 7. Bd2 Nc6 8. d5 Ne7
9. Bg2 exd5 10. Nxd5 Nxd5 11. cxd5 Qf6 12. O-O Bxd5 13. Bg5 Qf7 14. Rc1 Bd6 15.
Bf4 Bxf4 16. gxf4 c6 17. Qd4 O-O 18. Rfd1 Rad8 19. Ne5 Qh5 20. Qe3 Nf6 21. Rd2
Bxg2 22. Kxg2 Ng4 23. Nxg4 Qxg4+ 24. Qg3 Qh5 25. Qg5 Qe8 26. Rc3 Rf6 27. Rg3
Qf7 28. Rd6 Rf8 29. Rgd3 Qe7 30. Rxf6 Rxf6 31. Qh5 Qe4+ 32. Qf3 Rg6+ 33. Kf1 d5
34. Ke1 Qxf3 35. Rxf3 Kf7 36. Kd2 Rg2 37. h3 Ke6 38. Kc3 Kd6 39. b4 c5 40.
bxc5+ bxc5 0-1

[Event "Elit(Farsta-LASK)"]
[Site "?"]
[Date "2009.11.14"]
[Round "4"]
[White "Semcesen, Daniel"]
[Black "Livner, Anders"]
[Result "1-0"]
[WhiteElo "2585"]
[BlackElo "2396"]
[PlyCount "67"]

1. c4 c5 2. g3 Nc6 3. Bg2 g6 4. e3 Bg7 5. Ne2 d6 6. Nbc3 Nh6 7. d4 cxd4 8. exd4
Nf5 9. d5 Ne5 10. b3 O-O 11. O-O a6 12. a4 Rb8 13. Rb1 Bd7 14. h3 Be8 15. f4
Nd7 16. Kh2 h5 17. g4 hxg4 18. hxg4 Nh6 19. Bh3 e5 20. g5 Nf5 21. Ne4 exf4 22.
Bxf4 Ne5 23. Bxf5 gxf5 24. N4g3 f6 25. g6 Bxg6 26. Nd4 Qd7 27. Ne6 Rfe8 28.
Bxe5 fxe5 29. Nxf5 Bf8 30. Qg4 Qh7+ 31. Nh4 Rxe6 32. dxe6 Bg7 33. Qxg6 Qxh4+
34. Kg2 1-0

[Event "Elit(Farsta-LASK)"]
[Site "?"]
[Date "2009.11.14"]
[Round "4"]
[White "Jaderberg, Bjorn"]
[Black "Bejtovic, Jasmin"]
[Result "0-1"]
[WhiteElo "2226"]
[BlackElo "2380"]
[PlyCount "84"]

1. c4 Nf6 2. Nc3 g6 3. g3 Bg7 4. Bg2 O-O 5. Nf3 d6 6. d4 Nbd7 7. O-O e5 8. Qc2
Re8 9. dxe5 dxe5 10. Rd1 c6 11. Ng5 Qc7 12. Nge4 Nxe4 13. Nxe4 Nf8 14. Bh6 Bf5
15. Bxg7 Kxg7 16. Qc3 Bxe4 17. Bxe4 Ne6 18. e3 Nc5 19. Bf3 a5 20. h4 Qb6 21.
Rd2 Qb4 22. Rc1 Qxc3 23. Rxc3 Red8 24. Rxd8 Rxd8 25. Rc2 f5 26. Be2 Kf6 27. Kg2
h6 28. b3 e4 29. f3 exf3+ 30. Bxf3 Ke5 31. Rb2 g5 32. hxg5 hxg5 33. g4 fxg4 34.
Bxg4 Ke4 35. Re2 Rf8 36. Bh5 Kd3 37. Re1 Rf6 38. Bf3 Kc3 39. Rh1 Kb2 40. Rh5
Kxa2 41. Rxg5 Nxb3 42. Rg7 Nc5 0-1

[Event "Elit(Farsta-LASK)"]
[Site "?"]
[Date "2009.11.14"]
[Round "4"]
[White "Smith, Axel"]
[Black "Wieweg, Johnny"]
[Result "1-0"]
[WhiteElo "2506"]
[BlackElo "2203"]
[PlyCount "61"]

1. Nf3 Nf6 2. c4 g6 3. Nc3 Bg7 4. g3 O-O 5. Bg2 d5 6. cxd5 Nxd5 7. O-O Nc6 8.
d4 Nb6 9. d5 Na5 10. Bf4 Bxc3 11. bxc3 Nxd5 12. Bh6 Re8 13. Qa4 c5 14. Rfd1 Be6
15. Qh4 Qb6 16. Ng5 Nf6 17. Rab1 Qa6 18. Nxe6 Qxe6 19. Qa4 Nc4 20. Bxb7 Rab8
21. Bd5 Nxd5 22. Rxb8 Rxb8 23. Qxc4 Nf6 24. Qxc5 Qxe2 25. Qd4 Re8 26. Kg2 Qxa2
27. Rd2 Qa6 28. f3 e5 29. Qh4 e4 30. fxe4 Nxe4 31. Qxe4 1-0

[Event "Elit(Farsta-LASK)"]
[Site "?"]
[Date "2009.11.14"]
[Round "4"]
[White "Lindeman, Sven"]
[Black "Nilsson, Sebastian"]
[Result "0-1"]
[WhiteElo "2220"]
[BlackElo "2357"]
[PlyCount "86"]

1. e4 c5 2. Nf3 d6 3. d4 cxd4 4. Nxd4 Nf6 5. Nc3 a6 6. Bc4 e6 7. Bb3 Nbd7 8. f4
Nc5 9. f5 Bd7 10. Bg5 Be7 11. Qf3 b5 12. fxe6 fxe6 13. e5 dxe5 14. Nc6 Bxc6 15.
Qxc6+ Kf7 16. O-O Rc8 17. Qf3 Rf8 18. Bxf6 Bxf6 19. Rad1 Qb6 20. Qe3 Rc6 21.
Bd5 exd5 22. Nxd5 Qb7 23. Nxf6 gxf6 24. Qxe5 Qe7 25. Qf5 Kg8 26. b4 Ne6 27.
Rfe1 Ng7 28. Qg4 Re6 29. Rxe6 Qxe6 30. Qxe6+ Nxe6 31. Rd6 Kf7 32. Rd7+ Kg6 33.
Rd6 Nc7 34. Rc6 Nd5 35. a3 Ra8 36. c4 bxc4 37. Rxc4 a5 38. b5 Nb6 39. Rc6 Rb8
40. Kf2 Na4 41. Rc4 Nb2 42. Rg4+ Kh5 43. Rg7 Kh6 0-1

[Event "Elit(Farsta-LASK)"]
[Site "?"]
[Date "2009.11.14"]
[Round "4"]
[White "Olsson, Linus"]
[Black "Lagerborg, Krister"]
[Result "1-0"]
[WhiteElo "2354"]
[BlackElo "2048"]
[PlyCount "79"]

1. d4 Nf6 2. c4 g6 3. Nc3 Bg7 4. e4 d6 5. Nf3 O-O 6. Be2 e5 7. O-O Nc6 8. d5
Ne7 9. Ne1 Ne8 10. Be3 f5 11. f3 f4 12. Bf2 Rf7 13. c5 Bf8 14. cxd6 cxd6 15. a4
g5 16. a5 Ng6 17. Kh1 h5 18. Nb5 a6 19. Nc3 Rg7 20. Na4 Nh8 21. Nb6 Rb8 22.
Nxc8 Rxc8 23. Nd3 Nf7 24. Bb6 Qd7 25. Nf2 Nh6 26. Rc1 Rxc1 27. Qxc1 g4 28. Qc3
g3 29. Nh3 Nf6 30. Rc1 Qf7 31. Qc8 Nd7 32. Rc7 gxh2 33. Bf1 Nxb6 34. axb6 Qg6
35. Qxb7 Qg3 36. Rxg7+ Bxg7 37. Qxa6 Ng4 38. b7 Ne3 39. b8=Q+ Kh7 40. Qe2 1-0

[Event "Elit(Farsta-LASK)"]
[Site "?"]
[Date "2009.11.14"]
[Round "4"]
[White "Ong, Kevin"]
[Black "Gajic, Mladen"]
[Result "0-1"]
[WhiteElo "2075"]
[BlackElo "2331"]
[PlyCount "76"]

1. e4 Nf6 2. e5 Nd5 3. d4 d6 4. Nf3 dxe5 5. Nxe5 c6 6. Be2 Bf5 7. O-O Nd7 8.
Nf3 e6 9. c4 Nb4 10. Na3 Be7 11. Ne1 O-O 12. Nac2 Na6 13. Ne3 Bg6 14. Bd3 f5
15. c5 Nc7 16. Qb3 b6 17. cxb6 axb6 18. Nf3 Kh8 19. Re1 c5 20. Bf1 Bh5 21. Ne5
Nxe5 22. dxe5 f4 23. Nc4 b5 24. Qh3 Bg6 25. Nd2 Ra7 26. Ne4 Qd4 27. Qc3 Qd5 28.
Nd2 Rxa2 29. Rxa2 Qxa2 30. Nb3 Nd5 31. Qf3 Bc2 32. Nd2 c4 33. Ne4 Bb4 34. Nc3
Qb3 35. Qg4 Nxc3 36. bxc3 Qxc3 37. Re2 Bd1 38. Bd2 Qxd2 0-1

[Event "Elit(Limhamn-Kamraterna)"]
[Site "?"]
[Date "2009.11.14"]
[Round "4"]
[White "Aberg, Anton"]
[Black "Brynell, Stellan"]
[Result "1/2-1/2"]
[WhiteElo "2403"]
[BlackElo "2565"]
[PlyCount "39"]

1. c4 c5 2. Nf3 Nf6 3. g3 Nc6 4. Bg2 g6 5. O-O d6 6. d4 cxd4 7. Nxd4 Bd7 8. b3
Bg7 9. Bb2 O-O 10. Nc3 Qa5 11. e3 a6 12. Rc1 Rfc8 13. Qe2 Rab8 14. h3 Kf8 15.
Rfe1 Na7 16. Nd5 Nxd5 17. cxd5 Rxc1 18. Rxc1 Rc8 19. Rxc8+ Nxc8 20. Qc2 1/2-1/2

[Event "Elit(Limhamn-Kamraterna)"]
[Site "?"]
[Date "2009.11.14"]
[Round "4"]
[White "Jepson, Christian"]
[Black "Svensson, Bengt"]
[Result "1/2-1/2"]
[WhiteElo "2445"]
[BlackElo "2483"]
[PlyCount "97"]

1. d4 d5 2. Nf3 Nf6 3. c4 c6 4. e3 a6 5. Bd3 Bg4 6. Nbd2 Nbd7 7. Qc2 e6 8. b3
Bd6 9. Bb2 Qb8 10. O-O Bh5 11. h3 O-O 12. Ng5 h6 13. Ngf3 Bxf3 14. Nxf3 e5 15.
cxd5 cxd5 16. dxe5 Rc8 17. Bh7+ Nxh7 18. Qf5 Rd8 19. exd6 Qxd6 20. Rfd1 Ndf6
21. Rac1 Ne4 22. Qe5 Qxe5 23. Nxe5 Rac8 24. f3 Nef6 25. Nd3 Ne8 26. Nb4 Nhf6
27. a4 Kf8 28. Ba3 Kg8 29. Bb2 Kf8 30. Bd4 Rxc1 31. Rxc1 Ke7 32. Bb6 Ra8 33.
Kf2 Ke6 34. Nd3 Nd7 35. Bd4 g5 36. Nc5+ Nxc5 37. Rxc5 h5 38. g4 hxg4 39. hxg4
Rd8 40. Ke2 f6 41. Rc1 Nd6 42. Rh1 Nf7 43. f4 Rc8 44. Kd3 Rc6 45. Rf1 Ke7 46.
fxg5 Nxg5 47. Rf5 Ne4 48. Rxd5 Nf2+ 49. Ke2 1/2-1/2

[Event "Elit(Limhamn-Kamraterna)"]
[Site "?"]
[Date "2009.11.14"]
[Round "4"]
[White "Andreasson, Ingvar"]
[Black "Ahlander, Bjorn"]
[Result "1/2-1/2"]
[WhiteElo "2410"]
[BlackElo "2533"]
[PlyCount "83"]
[EventDate "2009.??.??"]

1. c4 e6 2. Nf3 Nf6 3. e3 b6 4. b3 Bb7 5. Bb2 Be7 6. Be2 O-O 7. d4 c5 8. dxc5
bxc5 9. O-O Nc6 10. Nc3 Qc7 11. Rc1 Rad8 12. Qc2 h6 13. Rfd1 Ng4 14. h3 Nf6 15.
Rd2 a6 16. Qd1 d6 17. Bd3 Nb8 18. Bb1 Nbd7 19. Qe2 Rfe8 20. Rdd1 Bc6 21. Ne1
Qb7 22. Qc2 Bf8 23. Ne2 Ne5 24. Bc3 Ra8 25. Ba5 Be4 26. Qb2 Bc6 27. Ng3 h5 28.
Qe2 g6 29. f4 Ned7 30. Nf3 d5 31. Ng5 Bg7 32. Qc2 dxc4 33. bxc4 Nf8 34. Rd6
Rac8 35. N5e4 Nxe4 36. Nxe4 Qe7 37. Rcd1 Nd7 38. Qd2 Nf6 39. Ng5 Ba4 40. Bc2
Bxc2 41. Qxc2 Ra8 42. Kh1 1/2-1/2

[Event "Elit(Limhamn-Kamraterna)"]
[Site "?"]
[Date "2009.11.14"]
[Round "4"]
[White "Holst, Conny"]
[Black "Akbarinia, Arash"]
[Result "0-1"]
[WhiteElo "2275"]
[BlackElo "2342"]
[PlyCount "154"]

1. d4 d5 2. c4 e6 3. Nc3 Be7 4. Nf3 Nf6 5. Bg5 O-O 6. e3 h6 7. Bh4 b6 8. cxd5
Nxd5 9. Bxe7 Nxe7 10. Bd3 Bb7 11. O-O Nd7 12. Rc1 c5 13. Qe2 cxd4 14. Nxd4 Nc5
15. Bc4 Ng6 16. Rfd1 Qg5 17. f4 Qf6 18. b4 Ne4 19. Nxe4 Bxe4 20. Bd3 Nxf4 21.
exf4 Qxd4+ 22. Qf2 Rfd8 23. Qxd4 Rxd4 24. Bc4 Rad8 25. Rxd4 Rxd4 26. Kf2 Bd5
27. Bxd5 exd5 28. Rc8+ Kh7 29. Ke3 Rxb4 30. Rc7 Ra4 31. Rxf7 Rxa2 32. g4 Kg6
33. Rc7 Ra3+ 34. Kf2 d4 35. h4 h5 36. Rc6+ Kh7 37. g5 g6 38. Rc7+ Kg8 39. Rc8+
Kf7 40. Rc7+ Ke6 41. Rc6+ Kf5 42. Rf6+ Kg4 43. Rxg6 Ra2+ 44. Ke1 Kxf4 45. Rd6
Rh2 46. g6 Ke5 47. Rd7 Rxh4 48. Rxa7 Rg4 49. g7 h4 50. Kd2 h3 51. Re7+ Kf6 52.
Rb7 h2 53. g8=Q Rxg8 54. Rh7 Rg2+ 55. Kd3 Ke5 56. Rh4 b5 57. Rxh2 Rg3+ 58. Kd2
Kd5 59. Rh8 Kc4 60. Rc8+ Kb3 61. Rd8 d3 62. Rc8 b4 63. Rc7 Kb2 64. Rc8 b3 65.
Rb8 Ka2 66. Ra8+ Kb1 67. Ra7 b2 68. Rh7 Rg2+ 69. Kd1 d2 70. Rh8 Rg1+ 71. Kxd2
Rg7 72. Ra8 Rd7+ 73. Ke2 Rd5 74. Ra6 Kc2 75. Rc6+ Kb3 76. Rb6+ Kc3 77. Rb8 Rd4
0-1

[Event "Elit(Limhamn-Kamraterna)"]
[Site "?"]
[Date "2009.11.14"]
[Round "4"]
[White "Svenn, Gosta"]
[Black "Schneider, Stefan"]
[Result "1/2-1/2"]
[WhiteElo "2376"]
[BlackElo "2439"]
[PlyCount "88"]

1. d4 d5 2. c4 c6 3. Nf3 Nf6 4. Qb3 dxc4 5. Qxc4 Bf5 6. g3 e6 7. Bg2 Nbd7 8.
O-O Be7 9. Qb3 Qb6 10. Nbd2 O-O 11. Nc4 Qa6 12. Bf4 Nb6 13. Rfc1 Be4 14. Nfe5
Bxg2 15. Kxg2 Rad8 16. Rd1 Nfd5 17. Bd2 Nxc4 18. Nxc4 Nb6 19. Nxb6 axb6 20. Qe3
Rd7 21. Bc3 Rfd8 22. a3 c5 23. Rd2 b5 24. dxc5 Qc6+ 25. f3 Rxd2 26. Bxd2 Bxc5
27. Qc3 Bd4 28. Qb3 Qc5 29. Bc3 Bxc3 30. Qxc3 Qc4 31. Qxc4 bxc4 32. Kf2 Rd2 33.
Rc1 b5 34. b3 Rd4 35. bxc4 bxc4 36. Ke3 e5 37. f4 f6 38. Rc3 Kf7 39. a4 Ke6 40.
a5 Rd5 41. Rxc4 Rxa5 42. Rc7 exf4+ 43. gxf4 Rh5 44. Rxg7 Rxh2 1/2-1/2

[Event "Elit(Limhamn-Kamraterna)"]
[Site "?"]
[Date "2009.11.14"]
[Round "4"]
[White "Penalver, Osmani"]
[Black "Madebrink, Lars"]
[Result "1-0"]
[WhiteElo "2279"]
[BlackElo "2268"]
[PlyCount "67"]

1. d4 d5 2. c4 e6 3. Nc3 Be7 4. cxd5 exd5 5. Nf3 Nf6 6. Bg5 O-O 7. Qc2 Be6 8.
e3 h6 9. Bh4 Nbd7 10. Bd3 b6 11. O-O c5 12. dxc5 bxc5 13. Rfd1 Qa5 14. Bb5 Qc7
15. Bxd7 Qxd7 16. Bxf6 Bxf6 17. Ne4 Qe7 18. Nxf6+ Qxf6 19. Qxc5 Qxb2 20. Nd4
Rfc8 21. Qe7 Re8 22. Qd6 Qb6 23. Qa3 Bg4 24. Rd2 Qg6 25. Qd3 Qxd3 26. Rxd3 Rec8
27. h3 Bd7 28. Rb1 Rc5 29. Rdb3 Ra5 30. Rb7 Rd8 31. R1b2 g6 32. Rc7 Be8 33. Kh2
Kg7 34. Ne6+ 1-0

[Event "Elit(Limhamn-Kamraterna)"]
[Site "?"]
[Date "2009.11.14"]
[Round "4"]
[White "Martensson, Ulf"]
[Black "Tadjerbashi, Amir"]
[Result "1/2-1/2"]
[WhiteElo "2114"]
[BlackElo "2239"]
[PlyCount "41"]

1. d4 d5 2. Nf3 Nf6 3. c4 c6 4. cxd5 cxd5 5. Nc3 Nc6 6. Bf4 a6 7. Rc1 Ne4 8. e3
Nxc3 9. bxc3 Bg4 10. Be2 e6 11. O-O Bd6 12. Bxd6 Qxd6 13. c4 dxc4 14. Bxc4 Rd8
15. Be2 O-O 16. h3 Bh5 17. Nd2 Bxe2 18. Qxe2 e5 19. Nc4 Qe6 20. Nxe5 Nxe5 21.
dxe5 1/2-1/2

[Event "Elit(Limhamn-Kamraterna)"]
[Site "?"]
[Date "2009.11.14"]
[Round "4"]
[White "Mansson, Lars"]
[Black "Nyberg, Ulf"]
[Result "1-0"]
[WhiteElo "2232"]
[BlackElo "2141"]
[PlyCount "83"]

1. e4 c5 2. Nf3 d6 3. Bb5+ Bd7 4. Bxd7+ Qxd7 5. O-O Nc6 6. c3 Nf6 7. d4 cxd4 8.
cxd4 d5 9. e5 Ne4 10. Ne1 f6 11. f3 Ng5 12. Bxg5 fxg5 13. f4 gxf4 14. Rxf4 g6
15. Nc2 Bh6 16. Rf3 O-O-O 17. Nc3 Kb8 18. Qe2 Rdf8 19. Raf1 e6 20. Nb5 Rxf3 21.
Qxf3 Rf8 22. Qe2 Rf5 23. Rxf5 gxf5 24. b4 Bf8 25. a3 a6 26. Nc3 b5 27. Qh5 Kb7
28. Ne2 a5 29. bxa5 Nxa5 30. Nf4 Nc4 31. Qh3 Ka6 32. Nb4+ Kb6 33. Nc2 Qe7 34.
Nb4 Qf7 35. Qh4 Kc7 36. Qg3 Bh6 37. Nfxd5+ Kb7 38. Nf4 Bxf4 39. Qf3+ Kc8 40.
Qa8+ Kd7 41. Qb7+ Ke8 42. Qc8+ 1-0

[Event "Elit(Rockaden,Sthlm-Vasteras)"]
[Site "?"]
[Date "2009.11.14"]
[Round "4"]
[White "Sjodahl, Pontus"]
[Black "Barkhagen, Jonas"]
[Result "1/2-1/2"]
[WhiteElo "2488"]
[BlackElo "2529"]
[PlyCount "40"]

1. d4 d5 2. c4 c6 3. Nc3 Nf6 4. cxd5 cxd5 5. Bf4 Nc6 6. e3 a6 7. Bd3 Bg4 8.
Nge2 e6 9. O-O Bd6 10. f3 Bh5 11. Rc1 Bg6 12. Na4 Bxd3 13. Qxd3 O-O 14. Nc5
Bxf4 15. Nxf4 Qe7 16. Qb3 Na5 17. Qc3 Nc4 18. b3 Nd6 19. Qb4 a5 20. Qd2 b6
1/2-1/2

[Event "Elit(Rockaden,Sthlm-Vasteras)"]
[Site "?"]
[Date "2009.11.14"]
[Round "4"]
[White "Olsson, Anders"]
[Black "Norberg, Johan"]
[Result "0-1"]
[WhiteElo "2465"]
[BlackElo "2333"]
[PlyCount "100"]
[EventDate "2009.??.??"]

1. e4 g6 2. d4 Bg7 3. Nc3 d6 4. Be3 a6 5. Qd2 Nd7 6. h4 h6 7. O-O-O b5 8. f4
Bb7 9. Bd3 e5 10. dxe5 dxe5 11. Nf3 Ngf6 12. Nxe5 Nxe5 13. fxe5 Nd7 14. Nd5 c6
15. Nf6+ Nxf6 16. exf6 Qxf6 17. c3 Qe6 18. Bc2 O-O 19. Bb3 Qxe4 20. h5 g5 21.
Rhf1 Bc8 22. Rde1 Bf5 23. Bc2 Qxc2+ 24. Qxc2 Bxc2 25. Kxc2 Rfe8 26. Bc5 Rad8
27. g4 Re5 28. b4 Rde8 29. Rxe5 Rxe5 30. Kd3 Rd5+ 31. Kc2 Be5 32. a4 Bd6 33.
Be3 c5 34. axb5 axb5 35. bxc5 Bxc5 36. Bd2 Kg7 37. Rb1 Bd6 38. Be3 f5 39. gxf5
Kf6 40. Bd4+ Be5 41. Kd3 Kxf5 42. Rf1+ Bf4 43. Re1 g4 44. Re8 g3 45. Rf8+ Kg4
46. Ke4 Rxd4+ 47. cxd4 g2 48. Rxf4+ Kxh5 49. Rf5+ Kg6 50. Rf8 Kg7 0-1

[Event "Elit(Rockaden,Sthlm-Vasteras)"]
[Site "?"]
[Date "2009.11.14"]
[Round "4"]
[White "Eriksson, Anders"]
[Black "Blomqvist, Erik"]
[Result "0-1"]
[WhiteElo "2402"]
[BlackElo "2477"]
[PlyCount "86"]
[EventDate "2009.??.??"]

1. Nf3 d5 2. g3 Nf6 3. Bg2 c6 4. O-O Bg4 5. c4 Nbd7 6. Qb3 Nc5 7. Qe3 e6 8. d4
Ncd7 9. Qb3 Qb6 10. Nc3 Be7 11. Bf4 O-O 12. c5 Qxb3 13. axb3 h6 14. b4 a6 15.
h3 Bf5 16. g4 Bh7 17. Nd2 g5 18. Bg3 h5 19. f3 Bg6 20. Ra2 Rfe8 21. Nb3 Bd8 22.
b5 cxb5 23. Nxb5 Nb8 24. Nd6 Re7 25. h4 hxg4 26. hxg5 Nh5 27. Bh4 Nf4 28. fxg4
Nxe2+ 29. Kh2 Nc6 30. Nf5 exf5 31. gxf5 Bh5 32. Bxd5 Bc7+ 33. Kg2 Nf4+ 34. Rxf4
Bxf4 35. g6 Re2+ 36. Kf1 Nb4 37. Bxf7+ Kf8 38. Ra4 Nc2 39. Bf2 Ne3+ 40. Bxe3
Bxe3 41. Bd5 Rf2+ 42. Ke1 Rc8 43. Rb4 Rxf5 0-1

[Event "Elit(Rockaden,Sthlm-Vasteras)"]
[Site "?"]
[Date "2009.11.14"]
[Round "4"]
[White "Bator, Robert"]
[Black "Nilsson, Andre"]
[Result "1-0"]
[WhiteElo "2484"]
[BlackElo "2328"]
[PlyCount "85"]
[EventDate "2009.??.??"]

1. d4 g6 2. Nf3 Bg7 3. c4 Nf6 4. g3 O-O 5. Bg2 d6 6. O-O Nbd7 7. Nc3 e5 8. e4
a6 9. Re1 exd4 10. Nxd4 Re8 11. h3 Rb8 12. Rb1 Qe7 13. Bf4 Ne5 14. b3 Nh5 15.
Be3 c5 16. Nd5 Qd8 17. Nf3 b5 18. Nxe5 Rxe5 19. b4 bxc4 20. bxc5 Rxb1 21. Qxb1
dxc5 22. Bxc5 Re8 23. Rc1 Nf6 24. Nxf6+ Bxf6 25. Rxc4 Be6 26. Rc1 Qd7 27. Kh2
h5 28. h4 Rc8 29. f4 Qd2 30. e5 Bf5 31. Be3 Qxe3 32. Rxc8+ Bxc8 33. exf6 Kh7
34. Qb3 Qe8 35. Qb8 Qd7 36. a3 Qe6 37. Qe5 Qa2 38. Qd5 Be6 39. Qxa2 Bxa2 40.
Bb7 Bc4 41. Kg2 Kg8 42. Kf3 Kf8 43. Bc6 1-0

[Event "Elit(Rockaden,Sthlm-Vasteras)"]
[Site "?"]
[Date "2009.11.14"]
[Round "4"]
[White "Norberg, Erik"]
[Black "Hermansson, Emil"]
[Result "0-1"]
[WhiteElo "2263"]
[BlackElo "2453"]
[PlyCount "62"]
[EventDate "2009.??.??"]

1. c4 Nf6 2. g3 c6 3. Bg2 d5 4. Nf3 dxc4 5. a4 Be6 6. Na3 Qd5 7. O-O Nbd7 8. b3
cxb3 9. d4 Rd8 10. Ng5 b2 11. Nxe6 Qxe6 12. Bxb2 h5 13. e4 Qg4 14. Qb3 e6 15.
d5 Nc5 16. Qc2 cxd5 17. exd5 Nxd5 18. Nb5 a6 19. Bxd5 axb5 20. Bxb7 Nxb7 21.
Qc6+ Rd7 22. Rfd1 Bd6 23. Qc8+ Nd8 24. Rd4 Qf3 25. Rad1 Rc7 26. Qb8 Rc2 27.
Qxb5+ Ke7 28. R1d2 Rxd2 29. Rxd2 h4 30. Qg5+ f6 31. Qa5 h3 0-1

[Event "Elit(Rockaden,Sthlm-Vasteras)"]
[Site "?"]
[Date "2009.11.14"]
[Round "4"]
[White "Hedman, Erik"]
[Black "Janse, Rasmus"]
[Result "1/2-1/2"]
[WhiteElo "2419"]
[BlackElo "2256"]
[PlyCount "98"]
[EventDate "2009.??.??"]

1. e4 e6 2. d4 d5 3. Nc3 Bb4 4. e5 c5 5. a3 Bxc3+ 6. bxc3 Ne7 7. Qg4 O-O 8. Bd3
Nbc6 9. Qh5 Ng6 10. Nf3 Qc7 11. Be3 c4 12. Bxg6 fxg6 13. Qg4 Bd7 14. h4 Rf5 15.
h5 gxh5 16. Rxh5 Rxh5 17. Qxh5 Be8 18. Qh3 Nd8 19. Kd2 Qd7 20. Rh1 Bg6 21. Nh4
Qf7 22. g4 Nc6 23. f4 Rf8 24. Nxg6 Qxg6 25. a4 Ne7 26. Qh4 Nc6 27. Rf1 a6 28.
Qh3 Ne7 29. Rb1 Qe4 30. Qh1 Qxh1 31. Rxh1 Ng6 32. Rf1 Nh4 33. Ke2 Ng2 34. Bd2
Nh4 35. f5 exf5 36. Bg5 Ng6 37. gxf5 h6 38. fxg6 Rxf1 39. Kxf1 hxg5 40. Kg2 Kf8
41. Kg3 Ke7 42. Kg4 a5 43. Kxg5 Ke6 44. Kf4 Ke7 45. Kf5 Kd7 46. Kg5 Ke6 47. Kf4
Ke7 48. Kg5 Ke6 49. Kf4 Ke7 1/2-1/2

[Event "Elit(Rockaden,Sthlm-Vasteras)"]
[Site "?"]
[Date "2009.11.14"]
[Round "4"]
[White "Sandberg, Richard"]
[Black "Berowski, Krum"]
[Result "1-0"]
[WhiteElo "2265"]
[BlackElo "2312"]
[PlyCount "57"]
[EventDate "2009.??.??"]

1. e4 e6 2. d4 d5 3. Nd2 c5 4. Ngf3 a6 5. Bd3 Nc6 6. dxc5 Bxc5 7. O-O Nf6 8. a3
O-O 9. Qe2 h6 10. e5 Nd7 11. b4 Ba7 12. c4 Nd4 13. Qd1 dxc4 14. Nxc4 Qe7 15.
Bb2 Nc6 16. Qe2 Rd8 17. Rad1 Nf8 18. Qe4 Bd7 19. Nd6 Be8 20. Qg4 Ng6 21. h4
Ncxe5 22. Nxe5 Rxd6 23. h5 Qh4 24. hxg6 Qxg4 25. gxf7+ Bxf7 26. Nxg4 Bh5 27.
Be2 Rxd1 28. Rxd1 Rf8 29. Bd4 1-0

[Event "Elit(Rockaden,Sthlm-Vasteras)"]
[Site "?"]
[Date "2009.11.14"]
[Round "4"]
[White "Zadruzny, Nicolaj"]
[Black "Kimari, Patrick"]
[Result "1/2-1/2"]
[WhiteElo "2307"]
[BlackElo "2154"]
[PlyCount "78"]
[EventDate "2009.??.??"]

1. d4 Nf6 2. Nc3 e6 3. Bg5 h6 4. Bxf6 Qxf6 5. e4 Bb4 6. a3 Ba5 7. b4 Bb6 8. Nf3
O-O 9. Be2 d6 10. Qd2 Nc6 11. Rd1 e5 12. Nd5 Qd8 13. dxe5 Nxe5 14. O-O Be6 15.
Nxe5 dxe5 16. Qc3 Qg5 17. Nxc7 Rac8 18. Nxe6 Rxc3 19. Nxg5 hxg5 20. Rd2 Rfc8
21. Rc1 Rxa3 22. c4 Bd4 23. Rb1 a5 24. bxa5 Rxa5 25. Rxb7 Ra1+ 26. Rd1 Rxd1+
27. Bxd1 Rxc4 28. Kf1 Rc1 29. Ke2 f6 30. f3 Kh7 31. Kd2 Ra1 32. Rc7 Ra3 33. Rc2
Kh6 34. g3 Ra1 35. Ke2 Ra3 36. Kf1 Kg6 37. Kg2 Ra1 38. Be2 Rb1 39. Bc4 Rb2
1/2-1/2

[Event "Elit(Wasa-Team Viking)"]
[Site "?"]
[Date "2009.11.14"]
[Round "4"]
[White "Ernst, Thomas"]
[Black "Astrom, Goran"]
[Result "1/2-1/2"]
[WhiteElo "2499"]
[BlackElo "2289"]
[PlyCount "69"]
[EventDate "2009.??.??"]
[SourceDate "2009.11.17"]

1. e4 c5 2. Nf3 e6 3. d4 cxd4 4. Nxd4 a6 5. Bd3 Bc5 6. Nb3 Be7 7. O-O d6 8. c4
Nf6 9. Nc3 b6 10. Qe2 Qc7 11. Be3 Nbd7 12. f4 O-O 13. Rae1 Bb7 14. Bc1 Nc5 15.
Nxc5 bxc5 16. f5 Rfe8 17. Qf3 exf5 18. Qxf5 Bc8 19. Nd5 Qb7 20. Qf3 Be6 21.
Nxe7+ Rxe7 22. Qg3 Ne8 23. e5 d5 24. cxd5 Bxd5 25. Bg5 Re6 26. b3 a5 27. Bf5
Rea6 28. Rd1 h6 29. Be3 a4 30. Bxc5 axb3 31. axb3 Ra2 32. Rf2 Rxf2 33. Bxf2
Qxb3 34. Qxb3 Bxb3 35. Rb1 1/2-1/2